Statystyki dla Najdłuższe rzeki na każdą literę A-Z.

Kliknij tutaj aby rozwiązać quiz!

Ogólne statystyki

  • Ten quiz został rozwiązany 136 razy
  • Średni wynik to 10 z 26

Statystyki odpowiedzi

LiteraDługość w kilometrachOdpowiedź% Poprawnych
A6,8 tys.Amazonka
96%
N6,7 tys.Nil
90%
W3,5 tys.Wołga
81%
J6,3 tys.Jangcy
77%
K4,7 tys.Kongo
68%
L4,4 tys.Lena
65%
G2,5 tys.Ganges
59%
H5,5 tys.Huang He
58%
E2,8 tys.Eufrat
55%
O3,7 tys.Ob
54%
M4,5 tys.Mekong
53%
Z2,7 tys.Zambezi
45%
I4,2 tys.Irtysz
41%
P4,4 tys.Parana
40%
B2,8 tys.Brahmaputra
37%
U2,4 tys.Ural
36%
R3,1 tys.Rio Grande
29%
S3,1 tys.Saluin
9%
D2,9 tys.Dolna Tunguzka
3%
F1,1 tys.Fly
2%
C1,8 tys.Czułym
0%
Q700Qiantang Jiang
0%
T2 tys.Tarym
0%
V500Verdigris
0%
X2,1 tys.Xi Jiang
0%
Y1,3 tys.Yalong Jiang
0%

Rozkład punktacji

Percentyl według liczby udzielonych odpowiedzi

Procent ludzi z każdym wynikiem

Twoja historia wyników

Nie rozwiązałeś tego quizu